Presentación en rueda de prensa de la conferencia que dará el Sr. Ionesco el día 4 de octubre de 1974 como inaguración del curso 1974-75 (Record no. 4721)

MARC details
000 -LEADER
campo de control de longitud fija 01029njm a2200229 i 4500
001 - NÚMERO DE CONTROL
campo de control 4721
003 - IDENTIFICADOR DE NÚMERO DE CONTROL
campo de control ES-MaACL
005 - FECHA Y HORA DE LA ÚLTIMA TRANSACCIÓN
campo de control 20240621063012.0
007 - CAMPO FIJO DE DESCRIPCIÓN FÍSICA--INFORMACIÓN GENERAL
campo de control de longitud fija s|r|||||||||||
008 - DATOS DE LONGITUD FIJA--INFORMACIÓN GENERAL
campo de control de longitud fija 070809s1974 sp ||| g ||||||||1|nspa d
245 00 - MENCIÓN DEL TÍTULO
Título Presentación en rueda de prensa de la conferencia que dará el Sr. Ionesco el día 4 de octubre de 1974 como inaguración del curso 1974-75
Medio [Grabación sonora] /
Mención de responsabilidad, etc. interviene Euègene Ionesco.
260 ## - PUBLICACIÓN, DISTRIBUCIÓN, ETC.
Lugar de publicación, distribución, etc. Madrid :
Nombre del editor, distribuidor, etc. Ateneo de Madrid,
Fecha de publicación, distribución, etc. 1974.
300 ## - DESCRIPCIÓN FÍSICA
Extensión 1 disco (CD-DA) (50 min. 11 seg.) ;
Dimensiones 12 cm.
500 ## - NOTA GENERAL
Nota general Datos basados en la invitación.
518 ## - NOTA DE FECHA/HORA Y LUGAR DE UN ACONTECIMIENTO
Nota de fecha/hora y lugar de un acontecimiento Acto organizado por el Aula de Literatura del Ateneo de Madrid, grabado en el salón de actos el jueves 3 de octubre de 1974.
610 24 - PUNTO DE ACCESO ADICIONAL DE MATERIA--NOMBRE DE ENTIDAD CORPORATIVA
Nombre de entidad corporativa o nombre de jurisdicción como elemento de entrada Ateneo de Madrid-
Subdivisión general Actos culturales-
Subdivisión cronológica 1974-
Subdivisión de forma Grabaciones sonoras.
9 (RLIN) 1884
700 1# - ENTRADA AGREGADA--NOMBRE PERSONAL
Nombre de persona Ionesco, Eugène,
Fechas asociadas al nombre 1909-1994
9 (RLIN) 65378
710 2# - ENTRADA AGREGADA--NOMBRE DE ENTIDAD CORPORATIVA
Nombre de entidad corporativa o nombre de jurisdicción como elemento de entrada Ateneo de Madrid.
Unidad subordinada Aula de Literatura.
9 (RLIN) 1943
852 ## - LOCALIZACIÓN
Ubicación ES-MaACL
Número de control de estantería ROT 3/4/8
itemnumber 4838
Ubicación en estantería Rotativo
942 ## - ELEMENTOS DE ENTRADA SECUNDARIOS (KOHA)
Fuente del sistema de clasificación o colocación Clasificación decimal universal
Holdings
Estatus retirado Estado de pérdida Fuente del sistema de clasificación o colocación Estado de daño No para préstamo Colección Biblioteca de origen Biblioteca actual Ubicación en estantería Fecha de adquisición Total de préstamos Signatura topográfica completa Código de barras Visto por última vez Precio de reemplazo Tipo de ítem Koha
    Clasificación decimal universal     Archivo de la palabra Biblioteca del Ateneo de Madrid Biblioteca del Ateneo de Madrid Rotativo 17/01/2008   ROT 3/4/8 1004784 23/02/2023 23/02/2023 Archivo de ordenador en CD-ROM, CD o disquete